| 000 | 00665nam a2200229 i 4500 | ||
|---|---|---|---|
| 001 | 18306 | ||
| 003 | ES-MaACL | ||
| 005 | 20250812224802.0 | ||
| 007 | t| | ||
| 008 | 010110s2000 sp ||||0| spa j | ||
| 020 | _a84-206-4424-2 | ||
| 040 |
_aM-BN _bspa _cM-BN |
||
| 080 | _a1(081) Zambrano, María | ||
| 100 | 1 |
_aZambrano, María, _d1904-1991 _9117914 |
|
| 245 | 1 | 0 |
_aHacia un saber sobre el alma / _cMaría Zambrano. |
| 260 |
_aMadrid : _bAlianza Editorial, _c[2000] |
||
| 300 |
_a235 p. ; _c22 cm. |
||
| 490 | 1 | _aAlianza literaria | |
| 830 | 0 | 0 |
_aAlianza literaria _9179757 |
| 852 |
_aES-MaACL _jL-24984 _bR.130341 |
||
| 999 |
_c18306 _d18306 |
||